Estadísticas para Cercanías Murcia/Alicante

Haz click aquí para intentar la prueba.

Estadísticas generales

  • Esta prueba ha sido intentada 27 veces
  • La puntuación promedio es 13 de 26

Estadísticas de respuestas

ESTACIONES% Correcto
Alacant - Terminal
96%
Murcia del Carmen
96%
Orihuela Miguel Hernandez
84%
Elx Carrús
72%
Elx Parc
72%
Crevillent
64%
San Isidro - Albatera - Catral
64%
Beniel
56%
Águilas
52%
Torrellano
52%
Alcantarilla - Los Romanos
48%
Lorca Sutullena
48%
Universidad de Alicante
48%
Alhama de Murcia
44%
Callosa de Segura
44%
Sant Gabriel
44%
Totana
44%
Sant Vicent Centre
40%
Almendricos
36%
Librilla
36%
Pulpí
36%
La Hoya
32%
Lorca San Diego
32%
Puerto Lumbreras
32%
Jaravia
24%
Águilas - El Labradorcico
20%

Distribución de puntuación

Porcentaje por número respondido

Porcentaje de gente con cada puntuación

Historial de tus puntuaciones

No has intentado esta prueba.